| 000 | 00702nam a2200217Ia 4500 | ||
|---|---|---|---|
| 003 | GCL | ||
| 008 | 140319s9999 xx 000 0 ara d | ||
| 040 |
_aGCL / _cGCL |
||
| 082 | 0 | 4 |
_a953.0962 _bا د |
| 100 | 1 | _aارد ت هانس | |
| 245 | 1 | 0 |
_aالدر المصان فى سيرة المظفر سليم خان / _cارد ت هانس |
| 260 |
_a[S.N] : _bدار احياء الكتب العربية ، _c1962 |
||
| 300 | _a26 ص | ||
| 490 | _a | ||
| 650 | 0 | 4 | _aمصر |
| 650 | 0 | 4 | _aالتاريخ |
| 650 | 0 | 4 | _aالامبراطورية العثمانية |
| 650 | 0 | 4 | _aالعثمانيون |
| 650 | 0 | 4 | _aالعالم العربى - تاريخ - العصر العثمانى |
| 942 |
_2ddc _cBK |
||
| 999 |
_c36180 _d36180 |
||